00323 2200145 4500245004300000250001100043100001900054650001600073650001400089005001900103260001800122041001400140084001400154336000900168 aPotongan SayurancMuhammad SetyohText aCet. 1 aMuhammad Setyo aKarya Siswa aScrapbook a20250526094115 aJakartac2025 aIndonesia a081 MUH p atext